=LDR 00000nam 2200000 4500 =001 INLIS000000000038056 =005 20160516102141.0 =006 =007 =008 ind =035 ##$$0010-061300000038056 =041 ##$$a ind =082 ##$$a 028.5 =100 ##$$a hong, jae cheol =245 ##$$a survival dunia serangga =260 ##$$a elex media $b jakarta =300 ##$$a 202 hlm, ilus =850 ##$$a NBPNMAT =990 ##$$a 21195511/BPAP-NTB/2014 =990 ##$$a 0001/BPAP-NTB/20142014 =990 ##$$a 0001/BPAP-NTB/2016 =990 ##$$a 0001/BPAP-NTB/2016 =990 ##$$a 0001/BPAP-NTB/2016